| Tag |
First Indicator |
Second Indicator |
Subfields |
| LEADER |
00000nam a2200000Ia 4500 |
| 001 |
in00004206921 |
| 005 |
20200806091137.0 |
| 006 |
m g d |
| 007 |
cr bn |||a|bb| |
| 008 |
900827s1536 enka o 00| | eng d |
| 035 |
|
|
|a (OCoLC)22284347
|
| 040 |
|
|
|a EBL
|c EBL
|d WaOLN
|
| 037 |
|
|
|a CL0036000052
|b ProQuest. 789 E. Eisenhower Parkway, Ann Arbor, MI 48108-3218
|
| 041 |
1 |
|
|a eng
|h grc
|
| 090 |
|
|
|a BS140.2
|b 1536
|
| 049 |
|
|
|a UMIA
|
| 130 |
0 |
|
|a Bible.
|p N.T.
|l English.
|s Tyndale.
|f 1536.
|
| 245 |
1 |
4 |
|a The New Testament of our Sauiour Iesus Christ /
|c faithfully translated out of the Greeke, with the notes and expositions of the darke places therein.
|
| 260 |
|
|
|a [London?] :
|b [I]mprinted by the deputy of Christopher Barker, printer to the Queenes Most Excellent Maiestie,
|c [1536]
|
| 300 |
|
|
|a 1 online resource ([836] pages :
|b illustrations.
|
| 336 |
|
|
|a text
|b txt
|2 rdacontent
|
| 337 |
|
|
|a computer
|b c
|2 rdamedia
|
| 338 |
|
|
|a online resource
|b cr
|2 rdacarrier
|
| 500 |
|
|
|a Contains special t.p.: The Newe Testament newlye corrected, M.D.xxxvi.
|
| 500 |
|
|
|a Signatures: [pi]⁸, ²[pi]⁶ *⁸ A-Z⁸ and⁸ [?]⁸ a-p⁸ q⁴ r-2b⁸.
|
| 500 |
|
|
|a Marginal notes.
|
| 500 |
|
|
|a Includes an almanac and An exhortacyon to the diligent studye of Scripture / made by Erasmus Rot.
|
| 500 |
|
|
|a Imperfect: pages torn, cropped and tightly bound with slight loss of print; signatures Q8 and and8 lacking.
|
| 500 |
|
|
|a Item at reel 1771:19 lacks original title page and all before "An exhortacyon to the studye of scripture..." The replacement title page is from a 1595 edition. The daily office and almanack are untraced.
|
| 500 |
|
|
|a Reproduction of original in the Lambeth Palace Library.
|
| 510 |
4 |
|
|a STC (2nd edition)
|c 2835.3
|
| 533 |
|
|
|a Electronic reproduction.
|b Ann Arbor, Mich. :
|c UMI,
|d 1999-
|f (Early English books online)
|n Digital version of: (Early English books, 1475-1640 ; 1771:19)
|7 s1999 miun s
|
| 700 |
1 |
|
|a Tyndale, William,
|d d. 1536.
|
| 700 |
1 |
2 |
|a Erasmus, Desiderius,
|d d. 1536.
|t Exhortio ad studium evangelicae lectionis.
|l English.
|
| 730 |
0 |
2 |
|a Exhortacyon to the diligent studye of Scripture.
|
| 830 |
|
0 |
|a Early English books online.
|
| 856 |
4 |
0 |
|u http://proxy.library.tamu.edu/login?url=https://search.proquest.com/docview/2264197358
|z Connect to the full text of this electronic book
|t 0
|
| 999 |
f |
f |
|s 7a110245-b1f0-361c-b251-3b869fbada47
|i 137e4edf-46e7-3afc-b578-ff9b622d9ef5
|t 0
|
| 952 |
f |
f |
|a Texas A&M University
|b College Station
|c Electronic Resources
|d Available Online
|t 0
|e BS140.2 1536
|h Library of Congress classification
|
| 998 |
f |
f |
|a BS140.2 1536
|t 0
|l Available Online
|